Rapport de la 2ème session du groupe de travail sur l'aquaculture. (Record no. 26764)
[ view plain ]
| 000 -LEADER | |
|---|---|
| fixed length control field | 00554 a2200241 4500 |
| 020 ## - NUMERO INTERNATIONAL NORMALISE DES LIVRES | |
| International Standard Book Number | 92-5-201363-6 |
| 130 ## - VEDETTE PRINCIPALE - TITRE UNIFORME | |
| Language of a work | Fr. |
| 260 ## - PUBLICATION, DISTRIBUTION, ETC. (IMPRINT) | |
| Place of publication, distribution, etc | Rome. |
| 260 ## - PUBLICATION, DISTRIBUTION, ETC. (IMPRINT) | |
| Name of publisher, distributor, etc | FAO. |
| 245 ## - TITLE STATEMENT | |
| Title | Rapport de la 2ème session du groupe de travail sur l'aquaculture. |
| 260 ## - PUBLICATION, DISTRIBUTION, ETC. (IMPRINT) | |
| Date of publication, distribution, etc | 1983 |
| 300 ## - PHYSICAL DESCRIPTION | |
| Extent | V-15p. |
| 440 ## - SERIES STATEMENT/ADDED ENTRY--TITLE | |
| Number of part/section of a work | 287 |
| 440 ## - SERIES STATEMENT/ADDED ENTRY--TITLE | |
| Title | FAO, Rapport sur les pêches. |
| 690 ## - LOCAL SUBJECT ADDED ENTRY--TOPICAL TERM (OCLC, RLIN) | |
| Topical term or geographic name as entry element | aquaculture. |
| 711 ## - ADDED ENTRY--MEETING NAME | |
| Date of meeting | 21-25 Mars 1983 |
| 711 ## - ADDED ENTRY--MEETING NAME | |
| Location of meeting | Rome. |
| 711 ## - ADDED ENTRY--MEETING NAME | |
| Number of part/section/meeting | 2ème |
| 710 ## - ADDED ENTRY--CORPORATE NAME | |
| Corporate name or jurisdiction name as entry element | FAO. |
| 711 ## - ADDED ENTRY--MEETING NAME | |
| Meeting name or jurisdiction name as entry element | Rapport de la 2ème session. |
| Withdrawn status | Lost status | Damaged status | Not for loan | Location (home branch) | Sublocation or collection (holding branch) | Date acquired | Koha issues (times borrowed) | Koha full call number | Koha date last seen | Copy number | Price effective from | Koha item type | Public note |
|---|---|---|---|---|---|---|---|---|---|---|---|---|---|
| Bibliothèque-Centre de Documentation de la Faculté des Sciences Agronomiques | Bibliothèque-Centre de Documentation de la Faculté des Sciences Agronomiques | PA.1983.034 | 28/02/2009 | 1 | 28/02/2009 | Livre | 1.2645 |